Sexual interactions : the social construction of atypical sexual behaviors /

সংরক্ষণ করুন:
গ্রন্থ-পঞ্জীর বিবরন
অন্যান্য লেখক: Karayianni, Stavros S., Phellas, Constantinos N., Philaretou, Andreas G.
বিন্যাস: গ্রন্থ
ভাষা:ইংরেজি
প্রকাশিত: Boca Raton : Universal Publishers, c2006
ট্যাগগুলো: ট্যাগ যুক্ত করুন
কোনো ট্যাগ নেই, প্রথমজন হিসাবে ট্যাগ করুন!

MARC

LEADER 00000nam a22000007i 4500
001 IT\ICCU\UBO\3794326
003 ItRI
005 20260115231835.0
008 100524s2006 xxu|||||| ||||| |||||c
020 |a 1581129203 
040 |b ita  |c importazione bologna sebina 
041 7 |a eng  |2 ISO-639-2 
245 0 0 |a Sexual interactions :  |b the social construction of atypical sexual behaviors /  |c Andreas G. Philaretou, Constantinos N. Phellas, Stavros S. Karayianni. 
260 |a Boca Raton :  |b Universal Publishers,  |c c2006 
300 |a xxiii, 214 p. ;  |c 21 cm. 
700 1 |a Karayianni, Stavros S.  |0 IT\ICCU\UBOV\367627 
700 1 |a Phellas, Constantinos N.  |0 IT\ICCU\UBOV\672133 
700 1 |a Philaretou, Andreas G.  |0 IT\ICCU\UBOV\367626 
942 |2 ddc  |c BK  |n 0 
952 |0 0  |1 0  |4 0  |6 DOC_306_766000000000000_PHI  |7 0  |9 13981  |a BO  |b BO  |d 2026-01-15  |i 13620  |l 0  |o DOC 306.766 PHI  |p BO13620  |r 2026-01-15 23:18:35  |w 2026-01-15  |x [Sebina 5] [1 v.]  |y BK  |z 1 v. 
999 |c 12041  |d 12041